000 00666nam a2200241Ia 4500
003 OSt
005 20221005073254.0
006 a|||||r|||| 00| 0
007 ta
008 221004b |||||||| |||| 00| 0 eng d
020 _a8124102905 (pbk)
024 _a120567
037 _bGift, 04/08/2012,
_cTextual
040 _aCRL
_cCRL
_beng
041 _2eng
_aeng
082 _aV2z7, N4
100 _aChandra Bipan
245 0 _aIdeology and politics in modern India
260 _aNew Delhi
_bHar Anand Publication India
_c1994
650 _aHISTORY
942 _hV2z7, N4
_cTEXL
_2cc
999 _c980883
_d980883